000 00535nam a2200193 a 4500
001 1770284920437
003 YourLibrary
005 20260205152337.0
008 260205s2006##################000#0#eng##
020 _a9781843760726
082 0 4 _a330.157092
_bTIZ
100 1 _aRaffaelli, Tiziano,
_eauthor.
245 1 0 _aThe Elgar Companion to Alfred Marshall :
260 _bEdward Elgar Publishing,
_c2006.
300 _a762 pages
650 0 _aBusiness & Economics.
942 _cENGLISH
040 _aYourLibrary
_beng
_cYourLibrary
999 _c610373
_d610373